000 00784nas a2200289 4500
001 BR0303792
003 BR-BrBNA
005 20231205103931.0
007 ta
008 230509b bl.|||p| |||| 00| 00por d
040 _aBR-BrBNA
_bpor
_cBiblioteca Nacional de Agricultura
041 _a(Pt)
072 _aH10
100 1 _aLunz, A.M.
100 1 _aCarvalho, A.G. de
245 1 _aEcology, behavior and bionomics
650 _aEUCALIPTO
650 _aSABIA
650 _aGMELINA
650 _aMADEIRA
650 _aCOLEOPTERO
650 _aBIODEGRADAÇÃO
650 _aRIO DE JANEIRO
773 0 _tNeotropical Entomology (Brazil)
_xISSN 1519-566X
_g(Jul-Sep 2002), v. 31(3) p. 351-357
_wBR0303792
909 _a202311
_bLúcia
_c55
_dLúcia Elande
942 _2AGRIS
_n0
_cANA
999 _c175510
_d175510